<?xml version="1.0" encoding="UTF-8"?>
<record
    xmlns:xsi="http://www.w3.org/2001/XMLSchema-instance"
    xsi:schemaLocation="http://www.loc.gov/MARC21/slim http://www.loc.gov/standards/marcxml/schema/MARC21slim.xsd"
    xmlns="http://www.loc.gov/MARC21/slim">

  <leader>01717nam0a2200361   4500</leader>
  <controlfield tag="001">RU\NLR\BIBL_A\022142989</controlfield>
  <controlfield tag="005">20240321160754.0</controlfield>
  <datafield tag="010" ind1=" " ind2=" ">
    <subfield code="a">978-5-4492-0536-0</subfield>
    <subfield code="9">70</subfield>
  </datafield>
  <datafield tag="021" ind1=" " ind2=" ">
    <subfield code="a">RU</subfield>
    <subfield code="b">&#x41A;&#x41D;-&#x41F;-24-001710</subfield>
    <subfield code="9">&#x41A;&#x41D;-&#x41F;-24-0146</subfield>
  </datafield>
  <datafield tag="035" ind1=" " ind2=" ">
    <subfield code="a">(NLR Aleph) 022142989</subfield>
  </datafield>
  <datafield tag="035" ind1=" " ind2=" ">
    <subfield code="a">(RuMoRGB)012509740</subfield>
  </datafield>
  <datafield tag="090" ind1=" " ind2=" ">
    <subfield code="a">12871361</subfield>
    <subfield code="c">12871361</subfield>
  </datafield>
  <datafield tag="100" ind1=" " ind2=" ">
    <subfield code="a">20240219d2023    u  y0rusy50      ca</subfield>
  </datafield>
  <datafield tag="101" ind1="0" ind2=" ">
    <subfield code="a">rus</subfield>
  </datafield>
  <datafield tag="102" ind1=" " ind2=" ">
    <subfield code="a">RU</subfield>
  </datafield>
  <datafield tag="105" ind1=" " ind2=" ">
    <subfield code="a">achbz   000zd</subfield>
  </datafield>
  <datafield tag="181" ind1=" " ind2="0">
    <subfield code="a">i3</subfield>
    <subfield code="b">axxe  </subfield>
  </datafield>
  <datafield tag="182" ind1=" " ind2="0">
    <subfield code="a">n</subfield>
  </datafield>
  <datafield tag="200" ind1="1" ind2=" ">
    <subfield code="a">&#x417;&#x434;&#x435;&#x441;&#x44C; &#x43D;&#x430;&#x447;&#x430;&#x43B;&#x43E; &#x43C;&#x43E;&#x435;&#x439; &#x420;&#x43E;&#x434;&#x438;&#x43D;&#x44B;!</subfield>
    <subfield code="e">[&#x43E; &#x441;&#x435;&#x43B;&#x435; &#x423;&#x43D;&#x43E;&#x448;&#x435;&#x432;&#x43E; &#x411;&#x440;&#x44F;&#x43D;&#x441;&#x43A;&#x43E;&#x439; &#x43E;&#x431;&#x43B;&#x430;&#x441;&#x442;&#x438;]</subfield>
    <subfield code="f">&#x415;. &#x410;. &#x421;&#x442;&#x43E;&#x432;&#x43F;&#x435;&#x446;</subfield>
  </datafield>
  <datafield tag="203" ind1=" " ind2=" ">
    <subfield code="a">&#x422;&#x435;&#x43A;&#x441;&#x442;</subfield>
    <subfield code="b">&#x432;&#x438;&#x437;&#x443;&#x430;&#x43B;&#x44C;&#x43D;&#x44B;&#x439;</subfield>
    <subfield code="c">&#x43D;&#x435;&#x43F;&#x43E;&#x441;&#x440;&#x435;&#x434;&#x441;&#x442;&#x432;&#x435;&#x43D;&#x43D;&#x44B;&#x439;</subfield>
  </datafield>
  <datafield tag="210" ind1=" " ind2=" ">
    <subfield code="a">&#x41C;&#x43E;&#x441;&#x43A;&#x432;&#x430;</subfield>
    <subfield code="c">&#x41A;&#x43D;&#x438;&#x433;&#x418;&#x437;&#x434;&#x430;&#x442;</subfield>
    <subfield code="d">2023</subfield>
  </datafield>
  <datafield tag="215" ind1=" " ind2=" ">
    <subfield code="a">649 &#x441;.</subfield>
    <subfield code="c">&#x438;&#x43B;., &#x446;&#x432;. &#x438;&#x43B;., &#x43F;&#x43E;&#x440;&#x442;&#x440;., &#x444;&#x430;&#x43A;&#x441;., &#x43A;&#x430;&#x440;&#x442;&#x44B;</subfield>
    <subfield code="d">22</subfield>
  </datafield>
  <datafield tag="320" ind1=" " ind2=" ">
    <subfield code="a">&#x411;&#x438;&#x431;&#x43B;&#x438;&#x43E;&#x433;&#x440;.: &#x441;. 647-648</subfield>
  </datafield>
  <datafield tag="330" ind1=" " ind2=" ">
    <subfield code="a">&#x412;&#x44B; &#x434;&#x435;&#x440;&#x436;&#x438;&#x442;&#x435; &#x432; &#x440;&#x443;&#x43A;&#x430;&#x445; &#x43A;&#x43D;&#x438;&#x433;&#x443; - &#x440;&#x435;&#x437;&#x443;&#x43B;&#x44C;&#x442;&#x430;&#x442; &#x438;&#x441;&#x441;&#x43B;&#x435;&#x434;&#x43E;&#x432;&#x430;&#x43D;&#x438;&#x439; &#x43E;&#x431; &#x438;&#x441;&#x442;&#x43E;&#x440;&#x438;&#x447;&#x435;&#x441;&#x43A;&#x438;&#x445; &#x441;&#x43E;&#x431;&#x44B;&#x442;&#x438;&#x44F;&#x445;, &#x43E; &#x43D;&#x430;&#x441;&#x442;&#x43E;&#x44F;&#x449;&#x435;&#x43C; &#x438; &#x43F;&#x440;&#x43E;&#x448;&#x43B;&#x43E;&#x43C; &#x441;&#x435;&#x43B;&#x430; &#x423;&#x43D;&#x43E;&#x448;&#x435;&#x432;&#x43E;. &#x438;&#x434;&#x435;&#x44E; &#x441;&#x43E;&#x437;&#x434;&#x430;&#x43D;&#x438;&#x44F; &#x43A;&#x43D;&#x438;&#x433;&#x438; &#x43F;&#x43E;&#x434;&#x441;&#x43A;&#x430;&#x437;&#x430;&#x43B;&#x43E; &#x436;&#x435;&#x43B;&#x430;&#x43D;&#x438;&#x435; &#x441;&#x43E;&#x445;&#x440;&#x430;&#x43D;&#x438;&#x442;&#x44C; &#x438;&#x441;&#x442;&#x43E;&#x440;&#x438;&#x447;&#x435;&#x441;&#x43A;&#x443;&#x44E; &#x43F;&#x430;&#x43C;&#x44F;&#x442;&#x44C; &#x434;&#x43B;&#x44F; &#x431;&#x443;&#x434;&#x443;&#x449;&#x438;&#x445; &#x43F;&#x43E;&#x43A;&#x43E;&#x43B;&#x435;&#x43D;&#x438;&#x439;</subfield>
  </datafield>
  <datafield tag="333" ind1=" " ind2=" ">
    <subfield code="a">16+</subfield>
  </datafield>
  <datafield tag="607" ind1=" " ind2=" ">
    <subfield code="a">&#x423;&#x43D;&#x43E;&#x448;&#x435;&#x432;&#x43E;, &#x441;&#x435;&#x43B;&#x43E; (&#x411;&#x440;&#x44F;&#x43D;&#x441;&#x43A;&#x430;&#x44F; &#x43E;&#x431;&#x43B;&#x430;&#x441;&#x442;&#x44C;)</subfield>
    <subfield code="x">&#x418;&#x441;&#x442;&#x43E;&#x440;&#x438;&#x44F;</subfield>
    <subfield code="2">nlr_sh2</subfield>
    <subfield code="3">RU\NLR\AUTH\6601737701</subfield>
  </datafield>
  <datafield tag="675" ind1=" " ind2=" ">
    <subfield code="a">908(470.333-22)</subfield>
    <subfield code="v">4</subfield>
  </datafield>
  <datafield tag="686" ind1="1" ind2=" ">
    <subfield code="a">&#x422;3(2&#x420;-4&#x411;&#x440;)0,02</subfield>
  </datafield>
  <datafield tag="700" ind1=" " ind2="1">
    <subfield code="a">&#x421;&#x442;&#x43E;&#x432;&#x43F;&#x435;&#x446;</subfield>
    <subfield code="b">&#x415;. &#x410;.</subfield>
    <subfield code="f">1949-</subfield>
    <subfield code="g">&#x415;&#x432;&#x433;&#x435;&#x43D;&#x438;&#x439; &#x410;&#x43D;&#x442;&#x43E;&#x43D;&#x43E;&#x432;&#x438;&#x447;</subfield>
  </datafield>
  <datafield tag="942" ind1=" " ind2=" ">
    <subfield code="c">BOOK</subfield>
  </datafield>
  <datafield tag="980" ind1=" " ind2=" ">
    <subfield code="a">NB</subfield>
  </datafield>
  <datafield tag="995" ind1=" " ind2=" ">
    <subfield code="5">2024-02-19</subfield>
    <subfield code="a">ad</subfield>
    <subfield code="b">NLR01</subfield>
    <subfield code="c">NLR01</subfield>
    <subfield code="e">RF81</subfield>
    <subfield code="f">1-4494050</subfield>
    <subfield code="k">2024-5/1423</subfield>
    <subfield code="o">0</subfield>
    <subfield code="r">BOOK</subfield>
    <subfield code="s">202451423_</subfield>
  </datafield>
  <datafield tag="995" ind1=" " ind2=" ">
    <subfield code="5">2024-02-19</subfield>
    <subfield code="a">ad</subfield>
    <subfield code="b">NLR01</subfield>
    <subfield code="c">NLR01</subfield>
    <subfield code="e">RF81</subfield>
    <subfield code="f">1-4494046</subfield>
    <subfield code="k">2024-5/1423</subfield>
    <subfield code="o">0</subfield>
    <subfield code="r">BOOK</subfield>
    <subfield code="s">202451423_</subfield>
  </datafield>
</record>
